=LDR 00000nam 2200000 4500 =001 INLIS000000000015598 =005 20130612110856 =008 ***********************************Indo** =035 ##$$0010-061300000015598 =041 ##$$a Indo =082 ##$$a 028.5 =090 ##$$a 028.5, Mar k =100 ##$$a Marcus AS =245 ##$$a Kehidupan Suku Dayak Apokayan, Marcus AS =260 ##$$a 1997 $b Ambon =300 ##$$a v 37 hlm, ilus, 20 cm =650 ##$$a Bacaan Kanak-Kanak =850 ##$$a NBPNMAT